000 00415nam a2200169Ia 4500
008 230524s9999 xx 000 0 und d
020 _a81744664484
082 _a658.3
_bRAO
100 _aV S P Rao
245 0 _aHuman Resource Management Text & Cases
250 _a2ND
260 _aNEW DELHI
_bExcel Books
_c2008
300 _aVI;690
500 _aQuantity Number: 31
650 _aManagement
942 _cBK
999 _c41431
_d41431